000 00630nam a2200277Ia 4500
005 20260324144444.0
008 008 260324s9999 xx 000 0 eng d
020 _a9781315001807
037 _aEBOOK
040 _aCRL
040 _beng
040 _cCRL
041 _2eng
041 _aeng
084 _qCRL
100 _aClive Archer
_91163110
245 0 _aSoviet Union & Northern Water
260 _bTaylor and Francis
260 _c1988
365 _a
365 _b220
856 _uhttp://www.taylorfrancis.com/books/9781315001807
942 _cEBOOK
999 _c1826021
_d1826021